Passageiro em trânsito (Record no. 46162)

MARC details
000 -Etiqueta do registo
Valores 00775nam a2200229 4500
010 ## - Número ISBN
ISBN 9789723616361
021 ## - Número do Depósito Legal
Número 391189/15
100 ## - Dados gerais de processamento
Dados gerais 20190531d2018 m y0pory50030103ba
101 0# - Língua de publicação
Língua por
102 ## - País de publicação
País PT
200 1# - Titulo e menção de responsabilidade
Título próprio Passageiro em trânsito
Primeira menção de responsabilidade Cristóvão de Aguiar
Outras menções de responsabilidade posf. Maria do Rosário Girão Ribeiro dos Santos
210 #9 - Publicação
Local de publicação Porto
Nome do editor Afrontamento,
Data de publicação 2018
215 ## - Descrição física 
Paginação / Volumes 147, [2] p.
Dimensões 22 cm
225 2# - Colecção 
Título próprio da colecção Obras completas Cristovão de Aguiar
Indicação de volume 7
675 ## - CDU
Notação 821.134.3-31"19/20"
Edição BN
Língua por
700 #1 - Autor principal
Apelido Aguiar,
Nome Cristóvão de,
Datas 1940-2021
702 #1 - Autor secundário
Apelido Girão,
Nome Maria do Rosário,
Datas 1956-
Função 075
801 #0 - Fonte de origem
País PT
Agência BN
Regras de catalogação RPC
856 41 - Localização e acesso electrónico 
URL <a href="http://rnod.bnportugal.gov.pt/ImagesBN/winlibimg.aspx?skey=&doc=2023096&img=125951&save=true">http://rnod.bnportugal.gov.pt/ImagesBN/winlibimg.aspx?skey=&doc=2023096&img=125951&save=true</a>
990 ## - Elementos KOHA
Tipo de documento Livro
Holdings
Aquisição Empréstimo Código de barras Cota Permissão de empréstimo Tipo de documento Nota relativa ao exemplar
Biblioteca Municipal de Redondo Biblioteca Municipal de Redondo 057260 821.134.3-3 AGU   Livro oferta de Franklim Amaro Cabreirinha. Obra autografado pelo autor.

Powered by Koha